000 00785cab a2200229 4500
001 WB3419-14
008 090401t1998 xxu||||| |||| 00| 0 eng d
035 _a(Sirsi) u86285
041 _aeng
245 _aCall for EU funds code of conduct
260 _c1998
350 _a0
490 _aFinancial Times
_v19 May 1998, 2(1)
520 _aThe head of the European industry body for regional development calls for a code of conduct for tighter legal restrictions to regulate regional development agencies and governments which ignore funding rules.
650 _aCODE OF CONDUCT
650 _aEU FUNDING
650 _aEUROPEAN ASSOCIATION OF DEVELOPMENT AGENCIES
650 _aREGIONAL DEVELOPMENT
690 _aEUROPE-SINGLE MARKET
942 _n0
948 _c19/05/1998
999 _c54286
_d54286